Bilecik Bilecik Bilecik Bilecik Bilecik

İstanbul asliye hukuk mahkemelerinde yargılama süreci : (Record no. 31361)

MARC details
000 -BAŞLIK
Sabit Uzunluktaki Kontrol Alanı 01681nam a22004337a 4500
001 - KONTROL NUMARASI
Control Dosyası 0031449
003 - KONTROL NUMARASI KİMLİĞİ
Kontrol Alanı KOHA_MİRAKIL
005 - EN SON İŞLEM TARİHİ ve ZAMANI
Kontrol Alanı 20260207002801.0
007 - FİZİKSEL TANIM SABİT ALAN - GENEL BİLGİ
Sabit uzunluklu kontrol alanı ta
008 - SABİT UZUNLUKTAKİ VERİ ÖGELERİ - GENEL BİLGİ
Sabit Alan 110818b2009 tu |||gr||||#||||0|tur |
020 ## - ISBN - ULUSLARARASI STANDART KİTAP NUMARASI
Isbn 9786053990697
040 ## - KATALOGLAMA KAYNAĞI
Özgün Kataloglama Kurumu TR-BiSEU
Kataloglama Dili tur
Çeviri Kurumu TR-BiSEU
Açıklama Kuralları rda
041 0# - DİL KODU
Metin ya da ses kaydının dil kodu tur
044 ## - YAYINLAYAN/ÜRETEN KURULUŞUN ÜLKE KODU
ISO country code tu
050 ## - SINIFLAMA ve YER NUMARASI
Sınıflama Numarası KKX1710
Yer Numarası .E48 2009
100 1# - KİŞİ ADI
Yazar Adı (Kişi adı) Elveriş, İdil.
240 10 - TEK BİÇİM BAŞLIK
Tekbiçim Başlık <a href="Judical proceedings at İstanbul civil courts : parties, cases and process">Judical proceedings at İstanbul civil courts : parties, cases and process</a>
Language of a work Türkçe
245 1# - ESER ADI BİLDİRİMİ
Başlık İstanbul asliye hukuk mahkemelerinde yargılama süreci :
Alt Eseradı vb. taraflar, davalar ve işleyiş =
-- Judical proceedings at İstanbul civil courts :
-- parties, cases and process/
Sorumluluk Bildirimi İdil Elveriş ; İdil Elveriş, Galma Jahic, Seda Kalem.
264 #1 - ÜRERİM, YAYIN, DAĞITIM ve TELİF BİLDİRİMİ
Yayın yeri İstanbul :
Yayınlayan İstanbul Bilgi Üniversitesi
Yayın tarihi 2009
300 ## - FİZİKSEL TANIMLAMA
Sayfa, Cilt vb. 270 s. ;
Boyutları 24 cm.
336 ## - İÇERİK TÜRÜ
Content type term metin
Content type code txt
Source rdacontent
337 ## - MEDYA TÜRÜ
Media type term aracısız
Media type code n
Source rdamedia
338 ## - TAŞIYICI TÜRÜ
Carrier type term cilt
Carrier type code nc
Source rdacarrier
490 0# - DİZİ BİLDİRİMİ
Dizi Bildirimi İstanbul Bilgi Üniversitesi yayınları: 232.
490 0# - DİZİ BİLDİRİMİ
Dizi Bildirimi İnsan hakları hukuku çalışmaları: 8
650 #0 - KONU BAŞLIĞI EK GİRİŞ - KONU TERİMİ
Konusal terim veya coğrafi ad Türkiye--Asliye hukuk mahkemeleri.
9 (RLIN) 62007
650 #0 - KONU BAŞLIĞI EK GİRİŞ - KONU TERİMİ
Konusal terim veya coğrafi ad Turkey--Civil courts.
9 (RLIN) 62008
650 #0 - KONU BAŞLIĞI EK GİRİŞ - KONU TERİMİ
Konusal terim veya coğrafi ad Medeni yargılama--Türkiye.
9 (RLIN) 41750
650 #0 - KONU BAŞLIĞI EK GİRİŞ - KONU TERİMİ
Konusal terim veya coğrafi ad Civil procedure--Turkey.
9 (RLIN) 18793
650 #0 - KONU BAŞLIĞI EK GİRİŞ - KONU TERİMİ
Konusal terim veya coğrafi ad Medeni hukuk--Türkiye.
9 (RLIN) 7301
650 #0 - KONU BAŞLIĞI EK GİRİŞ - KONU TERİMİ
Konusal terim veya coğrafi ad Civil law--Turkey.
9 (RLIN) 7300
650 #0 - KONU BAŞLIĞI EK GİRİŞ - KONU TERİMİ
Konusal terim veya coğrafi ad Avukatlık.
9 (RLIN) 62009
650 #0 - KONU BAŞLIĞI EK GİRİŞ - KONU TERİMİ
Konusal terim veya coğrafi ad Practice of law.
9 (RLIN) 62010
650 #0 - KONU BAŞLIĞI EK GİRİŞ - KONU TERİMİ
Konusal terim veya coğrafi ad Mahkemeler--Türkiye.
9 (RLIN) 19973
650 #0 - KONU BAŞLIĞI EK GİRİŞ - KONU TERİMİ
Konusal terim veya coğrafi ad Courts--Turkey.
9 (RLIN) 19971
830 0# - SERİ EK GİRİŞİ - TEKBİÇİM ESER ADI
Tekbiçim Başlık İstanbul Bilgi Üniversitesi yayınları: 232.
9 (RLIN) 62011
830 0# - SERİ EK GİRİŞİ - TEKBİÇİM ESER ADI
Tekbiçim Başlık İnsan hakları hukuku çalışmaları: 8
9 (RLIN) 62012
942 ## - EK GİRİŞ ÖGELERİ (KOHA)
Source of classification or shelving scheme Library of Congress Classification
Koha item type Book
Holdings
Materyal Türü Kalıcı Konum Mevcut Konum Raf Yeri Sınıflandırma Kaynağı Edinim Bilgisi Ana Konular Alt Konular Yer Numarası Demirbaş Numarası Fatura Tarihi Geri Çekilme Durumu Kayıp Durumu Hasarlı Durumu Kredi için değil Kayıt Tarih Toplam Ödünçverme Son Görülme Tarihi Son Kontrol Tarihi Genel / Bağış Notu
Book Prof. Dr. Azmi Özcan Kütüphanesi Prof. Dr. Azmi Özcan Kütüphanesi Uluğbey Salonu Library of Congress Classification Bağış HUKUK Türkiye Hukuku KKX1710 .E48 2009 0031449 02/02/2026         18/08/2011   05/12/2024 05/12/2024 YÖK Tez Merkezi